| 000 | 00585nam a2200217 i 4500 | ||
|---|---|---|---|
| 001 | bgj | ||
| 100 | 1 | _aTEUBNER, Ernst | |
| 245 | 1 | 0 |
_aHugo Ball : _bEine Bibliographie / _cErnst Teubner. |
| 260 |
_aMainz : _bv. Hase und Koehler, _cc. 1992. |
||
| 300 |
_a116 S. ; _c24 cm. |
||
| 490 | 1 |
_aBibliographische Hefte ; _vHeft 1 |
|
| 505 | _aRegister. | ||
| 650 | 9 |
_aBibliographien _aBall, Hugo |
|
| 830 | _aBibliographische Hefte ; | ||
| 020 | _a3775812601 | ||
| 040 | _cBPK | ||
| 041 | 0 | _ager | |
| 920 | _a3-7758-1260-1 | ||
| 942 | _cKS | ||
| 008 | s gw f |000 0 ger | ||
| 999 |
_c50437 _d50437 |
||
| 856 |
_uhttp://koha.tu.koszalin.pl/cgi-bin/koha/opac-detail.pl?biblionumber=50437 _yKatalog online BPK |
||